Amerika Sen Busun (Record no. 1263923)

MARC details
000 -LEADER
sabit uzunluktaki kontrol alanı 00284nam a2200109Ia 4500
001 - KONTROL NUMARASI
kontrol alanı 1263923
005 - EN SON İŞLEMİN TARİH VE ZAMANI
kontrol alanı 20260417141928.0
008 - SABİT-UZUNLUKTA VERİ ÖĞELERİ--GENEL BİLGİ
sabit uzunluktaki kontrol alanı 260417s9999 xx 000 0 und d
020 ## - ULUSLARARASI STANDART KİTAP NUMARASI
Uluslararası Standart Kitap Numarası 9786257854474
245 #0 - ESER / YAZAR
ESER ADI Amerika Sen Busun
Yazar Adı İsmail Kılıçarslan
260 ## - YAYIN, DAĞITIM, VB.
YAYIN EVİ Ketebe Yayınları
Holdings
Düşüm durumu Kayıp durumu Hasar Durumu Ödünç verilmez Ana kütüphane Geçerli Kütüphane Edinilen tarih Toplam ödünç verme sayısı Barkod Son görüntüleme tarihi Fiyatın geçerli olmaya başladığı tarih Koha materyal türü
        ASELSAN KONYA MESLEKİ VE TEKNİK ANADOLU LİSESİ ASELSAN KONYA MESLEKİ VE TEKNİK ANADOLU LİSESİ 17.04.2026   11111224 17.04.2026 17.04.2026 Books